La Samaritaine : Une invraisemblable rencontre (notice n° 1643470)
[ vue normale ]
| 000 -LEADER | |
|---|---|
| fixed length control field | 01618cam a2200133 4500500 |
| 005 - DATE AND TIME OF LATEST TRANSACTION | |
| control field | 20260208000022.0 |
| 041 ## - LANGUAGE CODE | |
| Language code of text/sound track or separate title | fre |
| 042 ## - AUTHENTICATION CODE | |
| Authentication code | dc |
| 100 10 - MAIN ENTRY--PERSONAL NAME | |
| Personal name | Coulange, Pierre |
| Relator term | author |
| 245 00 - TITLE STATEMENT | |
| Title | La Samaritaine : Une invraisemblable rencontre |
| 260 ## - PUBLICATION, DISTRIBUTION, ETC. | |
| Name of publisher, distributor, etc. | Éditions du Cerf,<br/> |
| Date of publication, distribution, etc. | 2020.<br/> |
| 520 ## - SUMMARY, ETC. | |
| Summary, etc. | Un homme rencontre une femme. Il est le Fils de Dieu, elle est une fille de rien. Hérétique, abandonnée, réprouvée, c’est pourtant elle qui le désaltère. Pierre Coulange révèle ici la dramaturgie mystique de l’invraisemblable rencontre entre le Christ et la Samaritaine. Cette femme aux cinq maris reçoit en effet une mission inimaginable : annoncer à des Samaritains la présence d’un homme qui pourrait être le Messie. C’est à une lecture messianique du récit que nous invite l’auteur. Il met au jour une multitude de signes, comme le puits et le symbole nuptial, l’eau vive et l’allusion à la vie éternelle, l’adoration et la nourriture. Bien loin de l’image de la femme de mauvaise vie, la Samaritaine est habitée par des questions fondamentales sur Dieu. Son intelligence et son coeur s’ouvrent peu à peu à la grâce. À travers elle, c’est le Christ qui va au-devant de nous. Docteur en théologie et auteur d’une thèse intitulée Dieu, ami des pauvres, Pierre Coulange est membre de l’Institut Notre-Dame de Vie et professeur au Studium de Venasque (Vaucluse) depuis 2005. Il a déjà publié au Cerf Zachée ou l’accueil du salut et Le silence de Dieu. |
| 856 41 - ELECTRONIC LOCATION AND ACCESS | |
| Uniform Resource Identifier | <a href="https://shs.cairn.info/la-samaritaine--9782204136808?lang=fr&redirect-ssocas=7080">https://shs.cairn.info/la-samaritaine--9782204136808?lang=fr&redirect-ssocas=7080</a> |
Pas d'exemplaire disponible.




Réseaux sociaux